Geography Quiz

Random Geography or City Quiz

Largest cities in Dutch provinces Quiz Stats

 Plays Quiz not verified by Sporcle

Also try: Euro Users
Challenge
Share
Tweet
Embed
Score 0/60 Timer 10:00
0 Plays Today
% Correct
Amsterdam
99.5%
Utrecht
99.5%
Rotterdam
99%
The Hague
99%
Groningen
98.5%
Maastricht
97.5%
Eindhoven
95.6%
Haarlem
94.1%
Nijmegen
92.6%
Almere
91.6%
Arnhem
91.1%
Zwolle
91.1%
Tilburg
90.6%
Enschede
90.6%
Leeuwarden
90.1%
Breda
89.2%
Lelystad
88.2%
Alkmaar
88.2%
Den Bosch
87.7%
Leiden
86.7%
Middelburg
86.2%
Assen
85.7%
Apeldoorn
85.7%
Amersfoort
85.2%
Heerenveen
80.3%
Emmen
77.8%
Almelo
77.8%
Vlissingen
77.8%
Hengelo
76.4%
Deventer
75.9%
% Correct
Dordrecht
74.9%
Hilversum
74.4%
Zoetermeer
74.4%
Sneek
73.9%
Heerlen
72.9%
Venlo (incl. Blerick)
68.5%
Goes
68.5%
Roermond
67.5%
Helmond
65%
Amstelveen
63.5%
Ede
61.6%
Zeist
60.6%
Doetinchem
60.1%
Terneuzen
60.1%
Meppel
59.6%
Drachten
59.6%
Emmeloord
59.1%
Harlingen
57.6%
Hoogeveen
56.7%
Dronten
55.2%
Veendam
54.7%
Weert
52.2%
Nieuwegein
51.2%
Veenendaal
48.8%
Coevorden
46.8%
Stadskanaal
46.8%
Hoogezand
44.8%
Zierikzee
43.8%
Zeewolde
42.9%
Winschoten
41.9%

You're not logged in!

Compare scores with friends on all Sporcle quizzes.
Join for Free
OR
Log In

You Might Also Like...

Show Comments

Extras

Top Quizzes Today


Score Distribution

Your Account Isn't Verified!

In order to create a playlist on Sporcle, you need to verify the email address you used during registration. Go to your Sporcle Settings to finish the process.

Report this User

Report this user for behavior that violates our Community Guidelines.

Details: